[Event "TUR-chT Clubs"]
[Site "Konya"]
[Date "2019.07.17"]
[Round "3.4"]
[White "Akin, Batikan Aybey"]
[Black "Celik, Musa"]
[Result "1-0"]
[WhiteElo "1610"]
[BlackElo "1773"]
[PlyCount "83"]
[EventDate "2019.07.16"]
[EventType "team-swiss"]
[EventRounds "9"]
[EventCountry "TUR"]
[SourceTitle "CBM 191 Extra"]
[Source "ChessBase"]
[SourceDate "2019.09.30"]
[SourceVersion "1"]
[SourceVersionDate "2019.09.30"]
[SourceQuality "1"]
[WhiteTeam "Mugla Mentese Merkez"]
[BlackTeam "Celik Dernegi"]
[WhiteTeamCountry "TUR"]
[BlackTeamCountry "TUR"]

1. c4 Nf6 2. d4 e6 3. Nc3 d5 4. Nf3 c6 5. g3 Bd6 6. Bg2 Nbd7 7. 0-0 0-0 8. e4 dxe4 9. Ng5 Re8 10. Ngxe4 Nxe4 11. Nxe4 Be7 12. Be3 Nf6 13. Qe2 Qa5 14. f4 Nxe4 15. Bxe4 c5 16. Qf2 cxd4 17. Bxd4 f6 18. a3 Qc7 19. Rac1 Bd7 20. b4 Bc6 21. Bb1 b6 22. Rfe1 Bf8 23. Qc2 f5 24. Qf2 Rad8 25. Rc3 Qd7 26. Be3 Ba8 27. h3 g6 28. c5 Bg7 29. Rcc1 Qd5 30. Kh2 bxc5 31. Rxc5 Qd6 32. Bc2 e5 33. Rd1 Qe7 34. Bb3+ Kh8 35. fxe5 Rxd1 36. Bxd1 Qb7 37. Qg1 Bxe5 38. Bd4 Qe4 39. Bxe5+ Rxe5 40. Rc8+ Re8 41. Rxe8+ Qxe8 42. Qd4+ 1-0

[Event "TUR-chT2"]
[Site "Konya"]
[Date "2018.07.14"]
[Round "7.2"]
[White "Bicer, Atakan Mert"]
[Black "Akin, Batikan Aybey"]
[Result "1-0"]
[WhiteElo "1921"]
[BlackElo "1573"]
[PlyCount "113"]
[EventDate "2018.07.10"]
[EventType "team-swiss"]
[EventRounds "9"]
[EventCountry "TUR"]
[SourceTitle "EXT 2019"]
[Source "ChessBase"]
[SourceDate "2018.10.10"]
[SourceVersion "1"]
[SourceVersionDate "2018.10.10"]
[SourceQuality "1"]
[WhiteTeam "Adana Ceyhan Belediye"]
[BlackTeam "Mugla Dalaman"]
[WhiteTeamCountry "TUR"]
[BlackTeamCountry "TUR"]

1. d4 Nf6 2. Nf3 d5 3. Bf4 c5 4. e3 e6 5. c3 Nc6 6. Nbd2 Bd6 7. Bg3 0-0 8. Bd3 cxd4 9. exd4 b6 10. Ne5 Bb7 11. f4 Ne7 12. Qc2 Ng6 13. 0-0-0 a5 14. Rdf1 Qc7 15. h4 Ba6 16. h5 Bxd3 17. Qxd3 Ne7 18. Bf2 Rfc8 19. h6 g6 20. Bh4 Ne8 21. g4 b5 22. f5 exf5 23. gxf5 Bxe5 24. dxe5 b4 25. fxg6 Nxg6 26. e6 fxe6 27. Rhg1 bxc3 28. Rxg6+ hxg6 29. Qxg6+ Ng7 30. hxg7 cxd2+ 31. Kxd2 Rab8 32. Qxe6+ Kh7 33. g8Q+ Rxg8 34. Rf7+ Qxf7 35. Qxf7+ Kh6 36. Qf6+ Kh7 37. Bg5 Rg6 38. Qf7+ Rg7 39. Qh5+ Kg8 40. Bf6 Rgb7 41. Be5 Rxb2+ 42. Bxb2 Rxb2+ 43. Kc3 Rf2 44. Qxd5+ Kg7 45. Qxa5 Rf3+ 46. Kd4 Rf4+ 47. Ke5 Rh4 48. Qc7+ Kg6 49. a4 Rh5+ 50. Ke6 Rh1 51. Qf7+ Kh6 52. Qf4+ Kg7 53. Qg3+ Kh7 54. a5 Rh6+ 55. Kf7 Rg6 56. Qxg6+ Kh8 57. Qh6# 1-0

[Event "TUR-chT2"]
[Site "Konya"]
[Date "2017.07.14"]
[Round "8.16"]
[White "Akin, Batikan Aybey"]
[Black "Karakus, Ali"]
[Result "1-0"]
[WhiteElo "1520"]
[BlackElo "1137"]
[PlyCount "81"]
[EventDate "2017.07.09"]
[EventType "team-swiss"]
[EventRounds "9"]
[EventCountry "TUR"]
[SourceTitle "CBM 179 Extra"]
[Source "ChessBase"]
[SourceDate "2017.08.23"]
[SourceVersion "1"]
[SourceVersionDate "2017.08.23"]
[SourceQuality "1"]
[WhiteTeam "Koycegiz Su Sporlari"]
[BlackTeam "Dumlupinar Turk"]
[WhiteTeamCountry "TUR"]
[BlackTeamCountry "TUR"]

1. e4 c5 2. f4 d6 3. Nf3 Nf6 4. d3 a6 5. g3 e6 6. Bg2 b5 7. 0-0 Bb7 8. Be3 Be7 9. Nbd2 Ng4 10. Qe2 Nxe3 11. Qxe3 a5 12. g4 h6 13. Rae1 Nc6 14. Qf2 Nb4 15. a3 Nc6 16. e5 Nd4 17. Nxd4 Bh4 18. Qe2 Bxg2 19. Kxg2 cxd4 20. Ne4 Bxe1 21. Nxd6+ Ke7 22. Rxe1 Rb8 23. Qf2 g6 24. Kh1 f6 25. Qxd4 fxe5 26. Qxe5 Qg8 27. Nxb5 Rd8 28. Qc7+ Rd7 29. Qxa5 Qf7 30. Qb4+ Kd8 31. Nd6 Qf6 32. Nb5 Rf8 33. Kg2 g5 34. Rxe6 Qxe6 35. Qxf8+ Qe8 36. Qxe8+ Kxe8 37. f5 Re7 38. Kf2 Re5 39. Nc3 h5 40. h3 h4 41. Ne4 1-0